Utopia/ (Record no. 192714)
[ view plain ]
| 000 -LEADER | |
|---|---|
| fixed length control field | 00592nam a22001937a 4500 |
| 005 - DATE AND TIME OF LATEST TRANSACTION | |
| control field | 20220930122908.0 |
| 010 ## - LCCN (DPL NO) | |
| LC control number | B-745743 |
| 020 ## - INTERNATIONAL STANDARD BOOK NUMBER | |
| International Standard Book Number | 9789390001149 |
| Terms of availability | 125.00 |
| 035 ## - SYSTEM CONTROL NUMBER | |
| System control number | B-745743 |
| 037 ## - SOURCE OF ACQUISITION | |
| Source of stock number/acquisition | Pharos Books |
| 082 ## - DEWEY DECIMAL CLASSIFICATION NUMBER | |
| Classification number | 321.07 |
| 100 ## - MAIN ENTRY--PERSONAL NAME | |
| Personal name | More, Thomas Sir |
| 245 ## - TITLE STATEMENT | |
| Title | Utopia/ |
| Statement of responsibility, etc | Sir Thomas More |
| 260 ## - PUBLICATION, DISTRIBUTION, ETC. (IMPRINT) | |
| Place of publication, distribution, etc | Delhi |
| Name of publisher, distributor, etc | Pharos Books |
| Date of publication, distribution, etc | 2020 |
| 270 ## - ADDRESS | |
| Address | Plot No.-55, Main Mother Dairy Road, Pandav Nagar |
| City | Delhi |
| Postal code | 110092 |
| 300 ## - PHYSICAL DESCRIPTION | |
| Extent | 111p. |
| Dimensions | 20cm(pbk) |
| 942 ## - ADDED ENTRY ELEMENTS (KOHA) | |
| Source of classification or shelving scheme | Dewey Decimal Classification |
| Item type | English Books |
| Classification part | 321.07 |
| Call number suffix | MOR |
| Withdrawn status | Lost status | Not for loan | Collection code | Home library | Current library | Date acquired | Source of acquisition | Cost, normal purchase price | Full call number | Barcode | Copy number | Cost, replacement price | Koha item type | Public note |
|---|---|---|---|---|---|---|---|---|---|---|---|---|---|---|
| Non-fiction | Central Library | Central Library | 30/09/2022 | 22.9.22/Gift | 125.00 | 321.07 MOR | B-745743 | 1 | 125.00 | English Books | Gift |
